Normal view
MARC view
- S.Seely
Entry Personal Name
001 - CONTROL NUMBER
- control field: 127595
003 - CONTROL NUMBER IDENTIFIER
- control field: NUST
005 - DATE AND TIME OF LATEST TRANSACTION
- control field: 20250115113203.0
008 - FIXED-LENGTH DATA ELEMENTS
- fixed length control field: 250115|| aca||aabn | a|a d
040 ## - CATALOGING SOURCE
- Original cataloging agency: NUST
- Transcribing agency: NUST
100 ## - HEADING--PERSONAL NAME
- Personal name: S.Seely
670 ## - SOURCE DATA FOUND
- Source citation: Work cat.: (NUST): S.Seely, Introduction to electromagnetic fields , 1958.
